1154 1121 1672 1713 1062 1828 1495 1994 1624 1758 1873 1357 1834 1786 1629 1894 1166 1736 1750 1437 1970 1520 1328 1096 1450 1294 1902 1532 1426 1890 1627 1838 1799 1633 1023 1360 1335 1457 1394 1615 1407 1166 1561 1045 1016 1041 1718 1438 1453 1064 1140 1469 1304 1139 1478 1542 1664 1195 1407 1211 1174 1067 1131 1408 1575 1060 1897 1190 1455 1900 1083 1819 1149 1972 1253 1981 1435 1320 1552 1151 1201 1842 1741 1300 1362 1128 1640 1192 1961 1347 1346 1643 1374 1347 1693 1053 1710 1993 1928 BCNSPRNW ULIB Ver.6.0+V

เปลี่ยนเป็นภาษาไทย

Change to English
 แสดงรายละเอียดบรรณานุกรม
  กลับหน้าหลัก

Brief Record : Get Marc (ISO 2709) : E-mail record : QR code < ปิดหน้าต่าง
LEADER : 00000nam 2200000uu 4500
001    13399126742
003     ULIB
008    020711s2018 th a 000 0 eng d
020    ^a9781496394736
060    ^aWY100.5^bS889N
100    ^aSTOUT,KATE
245    ^aNURSING DOCUMENTATION MADE INCREDIBLY EASY
250    ^a4th ed
260    ^aPhiladelphia :^bWolters Kluwer,^c2018
300    ^a290 pages;^c26 cm
650    ^aNursing Records
650    ^aDocumentation
945    ^p1496^l0^i005407
999    ^aประนอม เกษจรัล
รายการนี้ยังไม่มีแท็ก
คุณยังไม่ได้ล็อกอิน คุณสามารถมีกิจกรรมร่วมกับเว็บไซต์ได้ แต่ต้องล็อกอินก่อน ::
  ล็อกอิน

รายการสื่อสารสนเทศ

ลำดับที่ ประเภท เลขเรียก/บาร์โค้ด สถานที่ สถานะ
1. Book การพยาบาล
หนังสือสำรอง
สถานะ=หนังสือสำรอง
WY100.5 S889N ฉ.1 
  Barcode: 005407
ห้องสมุดวิทยาเขตสวรรค์ประชารักษ์
►หนังสือทั่วไป
บนชั้น

รายการใกล้เคียง
    หัวเรื่อง [Documentation]

BibComment


ยังไม่เคยถูกคอมเมนท์

คอมเมนท์ทรัพยากรรายการนี้
  คอมเมนท์: NURSING DOCUMENT..


 Copyright 2026. Bcnsprnw @Library